=LDR 00000nam 2200000 4500 =001 NUTBA000000000000938 =005 20200324070737 =035 ##$$a 0010-041400000000208 =008 200324###########################0#ind## =041 ##$$a ind =082 ##$$a 297.9 =090 ##$$a 297.9 Mus s =100 ##$$a Sunanto, Musyrifah =245 1#$$a Sejarah peradaban Islam Indonesia, /$c Musyrifah Sunanto =260 ##$$a Jakarta :$b Raja Grafindo Persada,$c 2014 =300 ##$$a xv, 330 hlm, ; $c 21 cm =650 #4$$a Islam =650 #4$$a Sejarah Pendidikan =850 ##$$a NBPNMAT =020 ##$$a 1459/D =084 ##$$a 297.9 SUN s =990 ##$$a 92918/BPAP-NTB/2014 =990 ##$$a 21303919 =990 ##$$a 93451/BPAP-NTB/2014 =990 ##$$a 93452/BPAP-NTB/2014 =990 ##$$a 21400613/BPAP-NTB/20142014 =990 ##$$a 94661/BPAP-NTB/2014 =990 ##$$a 92918/BPAP-NTB/2014 =990 ##$$a 21303919 =990 ##$$a 93451/BPAP-NTB/2014 =990 ##$$a 93452/BPAP-NTB/2014 =990 ##$$a 21400613/BPAP-NTB/20142014 =990 ##$$a 93753/BPAP-NTB/2014 =990 ##$$a 92918/BPAP-NTB/2014 =990 ##$$a 21303919 =990 ##$$a 93451/BPAP-NTB/2014 =990 ##$$a 93452/BPAP-NTB/2014 =990 ##$$a 94661/BPAP-NTB/2014 =990 ##$$a 21400613/BPAP-NTB/20142014 =990 ##$$a 00089182 =990 ##$$a 92918/BPAP-NTB/2014 =990 ##$$a 21303919 =990 ##$$a 93451/BPAP-NTB/2014 =990 ##$$a 93452/BPAP-NTB/2014 =990 ##$$a 93753/BPAP-NTB/2014 =990 ##$$a 21400613/BPAP-NTB/20142014 =990 ##$$a 21303921 =990 ##$$a 92918/BPAP-NTB/2014 =990 ##$$a 21303919 =990 ##$$a 93451/BPAP-NTB/2014 =990 ##$$a 93452/BPAP-NTB/2014 =990 ##$$a 00089182 =990 ##$$a 21400613/BPAP-NTB/20142014 =990 ##$$a 93451/BPAP-NTB/2014 =990 ##$$a 92918/BPAP-NTB/2014 =990 ##$$a 21303919 =990 ##$$a 93452/BPAP-NTB/2014 =990 ##$$a 21303921 =990 ##$$a 00089182 =990 ##$$a 21400613/BPAP-NTB/20142014